000 00717nam a2200229Ia 4500
005 20220317001017.0
008 160825s2007 sp a g 000 0 spa
020 _a9788434222012
082 0 4 _a752
_bB71m
100 1 _aBraunstein, Mercedes
245 1 0 _aMezcla de colores, 3. técnicas secas
_credacción Mercedes Braunstein
250 _a4a. edición
300 _a95 páginas
_bilustraciones
_c22 cm
490 _aManuales Parramón
_pverde
650 1 4 _2LEMB
_aColor
_xTécnicas
942 _2ddc
_cBK
264 _aBarcelona
_bParramón
_c2007
336 _atexto
_btxt
_2rdacontent
337 _asin mediación
_bn
_2rdamedia
338 _avolumen
_bnc
_2rdacarrier
040 _aCO-BoRNBP
_bspa
_erda
_cCO-BoRNBP
999 _c5660
_d5660